000 01233nam a22003257i 4500
003 EG-GICUC
005 20260121101531.0
008 251222s1933 fr ||||fr|||| 001 0 fre d
040 _aEG-GiCUC
_bfre
_cEG-GiCUC
_dEG-GiCUC
_eRda
041 _afre
082 0 4 _221
_a341.83
_bDY . S
092 0 4 _221
099 _aLaw1 12 341.83 DY . S 1933
100 1 _aDykmans, G.
_d1909- ,
_eAuteur
245 1 3 _aLe Statut Contemporain Des Étrangers en Égypte Vers Une Réforme Du Régime Capitulaire /
_cPar G. Dykmans ; préface de M. C. van Ackere.
264 1 _aParis :
_bLibrairie du Recueil Sirey,
_c1933.
300 _a274 pages ;
_c24 cm.
336 _2rda contenu
_a texte
337 _2rda medias
_aOrdinateur
338 _2 transporteur rda
_a Ressource en ligne
500 _a Questions historiques, juridictionnelles, législatives et fiscales.
504 _aInclude Bibliographie : page263 - 270 And Bibliographic references
546 _aTexte en français
650 1 4 _aÉtrangers
_xDroit international privé
_zÉgypte
_2qrmak
651 1 _2qrmak
700 1 _aAckere, M. C. van ,
_ePréfacier
856 4 0 _uhttps://fll.law.cu.edu.eg/fulltext/bks/B12-01689.pdf
905 _a75
_eYara
942 _2ddc
_cBK
_e21
_n0
999 _c52110
_d52110